000 00454nam a2200157 4500
001 121666
003 ES-MaACL
005 20230906191809.0
007 t|
008 070214s1976 sp r ||||1| gao d
100 1 _aPortela Pazos, Salustiano.
_993211
245 1 0 _aO cañón de pau /
_cSalustiano Portela Pazos.
260 _aPontevedra :
_bE. Paredes,
_c1976.
300 _a209 p., 2 lám. ;
_c20 cm +
_e1 map.
852 _aES-MaACL
_jA-5747
_bR.94451
999 _c121666
_d121666